|
|
|
|
| LEADER |
00000nab a2200000 a 4500 |
| 001 |
vtls008295048 |
| 003 |
SK-MaSNL |
| 005 |
20260305002111.0 |
| 008 |
050822c2004 xo mr|p|||||||000 b|slo |
| 015 |
|
|
|a SNBRB2005/08
|2 snkbucl
|
| 038 |
|
|
|a SNKBUCL
|
| 040 |
|
|
|a SNKBUCL
|b slo
|c SNKBUCL
|e AACR2
|
| 041 |
0 |
|
|a slo
|
| 044 |
|
|
|a xo
|c SK
|
| 080 |
|
|
|a 73/76.071.1
|2 UDC-MRF-SK2
|
| 100 |
1 |
|
|a Nemethová, Martina
|4 ivr
|4 aut
|9 275275
|
| 245 |
1 |
0 |
|a Stále prechádzame určitými medzifázami
|c Martina Nemethová, Damas Gruska, Fero Guldan
|
| 300 |
|
|
|b Fotogr.
|
| 600 |
1 |
7 |
|a Guldan, František,
|d 1953-
|2 snkbucl
|9 193312
|
| 700 |
1 |
|
|a Gruska, Damas,
|d 1962-
|4 ivr
|4 aut
|9 260563
|
| 700 |
1 |
|
|a Guldan, František,
|d 1953-
|4 ive
|4 aut
|9 193312
|
| 773 |
0 |
|
|t Knihy a spoločnosť
|g Roč. 1, december (2004), s. 3
|x 1336-5584
|
| 852 |
|
|
|a SNK
|b KIS3GCP
|
| 999 |
|
|
|c 3223751
|d 3225681
|